00141 a2200061 4500100001500000245003300015260003100048 aSelby, S M aStandard Mathematical tables abChemical Rubber Coc1968